LEADER 00999nam--2200361---450- 001 990005813410203316 005 20130301113548.0 010 $a0-521-20165-9 035 $a000581341 035 $aUSA01000581341 035 $a(ALEPH)000581341USA01 035 $a000581341 100 $a20130301d1974----km-y0itay50------ba 101 $aeng 102 $aGB 105 $a||||||||001yy 200 1 $a<> economy of the Roman empire$equantitative studies$fRichard Duncan-Jones 210 $aCambridge$cCambridge university$dcopyr. 1974 215 $aXVI,396 p.$d23 cm 410 0$12001 454 1$12001 461 1$1001-------$12001 606 0 $aEconomia$yImpero romano$2BNCF 676 $a330.93 700 1$aDUNCAN-JONES,$bRichard$0187099 801 0$aIT$bsalbc$gISBD 912 $a990005813410203316 951 $aHS 13$b547 DSA 959 $aBK 969 $aDSA 979 $aDSA$b90$c20130301$lUSA01$h1135 996 $aEconomy of the roman empire$9284609 997 $aUNISA LEADER 01797nam0 22003853i 450 001 CAG0582615 005 20251003044102.0 010 $a1558603719 100 $a20071210d1996 ||||0itac50 ba 101 | $aeng 102 $aus 181 1$6z01$ai $bxxxe 182 1$6z01$an 200 1 $aˆThe ‰DLX instruction set architecture handbook$fPhilip M. Sailer, David R. Kaeli 210 $aSan Francisco$cMorgan Kaufmann$dc1996 215 $aXIII, 155 p.$d23 cm 300 $aBibliografia: p. 155. 606 $aMicroelaboratori$xStruttura$2FIR$3NAPC221476$9I 606 $aMicroprocessori$2FIR$3CFIC027016$9E 676 $a004$9ELABORAZIONE DEI DATI. SCIENZA DEGLI ELABORATORI. INFORMATICA$v14 676 $a004.3$9Elaborazione dei dati. Scienza degli elaboratori. Informatica. Multielaborazione$v22 696 $aMicroelaboratori elettronici$aPersonal computer$aPC 699 $aMicroelaboratori$zMicroelaboratori elettronici 699 $aMicroelaboratori$yPersonal computer 699 $aMicroelaboratori$yPC 700 1$aSailer$b, Philip M.$3CAGV252006$4070$0770320 701 1$aKaeli$b, David R.$3MILV246889$4070$0770321 801 3$aIT$bIT-000000$c20071210 850 $aIT-BN0095 901 $bNAP 01$cSALA DING $n$ 912 $aCAG0582615 950 0$aBiblioteca Centralizzata di Ateneo$b1 v. (2. copia)$c1 v. in due copie$d 01SALA DING 004 SAI.dl$e 0102 0000031845 VMA A4 1 v.$fY $h20071210$i20071210$b1 v. (2. copia)$c1 v. in due copie$d 01SALA DING 004 SAI.dl$e 0102 0000036545 VMA A4(bis 1 v. (2. copia)$fA $h20071210$i20071210 977 $a 01 996 $aDLX instruction set architecture handbook$91571326 997 $aUNISANNIO